000 00446nam a2200145 i 4500
001 bg
245 0 _aElektronika ciała stałego i kwantowa :
_bteksty cyklu wykładów - Uniwerytet Kalifornijski, marzec 1970 r. /
_cpod red. W.D. Hershbergera.
260 _aWarszawa,
_c1976.
700 1 _aHershberger, W. D.
_d(1903-?).
_eRed.
040 _cBPK
041 _apol
080 _a621.38
942 _cKS
008 s pl f |000 0 pol
999 _c17258
_d17258
856 _uhttp://koha.tu.koszalin.pl/cgi-bin/koha/opac-detail.pl?biblionumber=17258
_yKatalog online BPK